| 000 | 00511cam a2200193ua 4500 | ||
|---|---|---|---|
| 001 | 3886 | ||
| 008 | 111207n ii |||gr||||Z||||||asm | ||
| 020 | _a81-89003-14-3 | ||
| 040 | _cMAIN | ||
| 082 | _a891.4511 | ||
| 100 | 1 |
_aBarman, Krishna, _eEditor. |
|
| 245 | 1 | 1 |
_aKabitar bhasa aru asamiya kabita _ced. by Krishna Barman |
| 250 | _a1st. | ||
| 260 |
_aGuwahati: _bAnesha prakashan, _c2005. |
||
| 300 |
_a71p: _c23cm. |
||
| 653 | _aAssamese poem | ||
| 653 | _aKabitar bhasa aru asamiya kabita | ||
| 942 | _cBK | ||
| 999 |
_c3709 _d3709 |
||